000 00284 a2200121 4500
001 38984
082 _a003 SOD
090 _c24606
_d24606
100 _aSoderstrom T. S. :Petre G. Stoica
245 _aSystem Identification
260 _aU K
_bPrentice hall
_c1989
300 _a612 p.
942 _aNUST-CAE
_k003 SOD
999 _c274057
_d274057